000 00259nam a22000977a 4500
008 140207t xxu||||| |||| 00| 0 eng d
100 _aHarold M. Hodges, Jr.
_9661
245 _aConflict and consensus an introduction to sociology
300 _a558
942 _2ddc
_cBK
999 _c16920
_d16920